Fr. Conceicao Rodrigues College of Engineering

Office Furniture (Record no. 23489)

MARC details
000 -LEADER
fixed length control field 00307nam a2200145Ia 4500
082 ## - DEWEY DECIMAL CLASSIFICATION NUMBER
Classification number 749
100 ## - MAIN ENTRY--PERSONAL NAME
Personal name Szenasy/S.S
245 ## - TITLE STATEMENT
Title Office Furniture
260 ## - PUBLICATION, DISTRIBUTION, ETC.
Name of publisher, distributor, etc. Facts On Fil Inc.
Place of publication, distribution, etc. New York
Date of publication, distribution, etc. 1984
300 ## - PHYSICAL DESCRIPTION
Extent 96
546 ## - LANGUAGE NOTE
Language note ENGLISH
650 ## - SUBJECT ADDED ENTRY--TOPICAL TERM
Topical term or geographic name entry element General
654 ## - SUBJECT ADDED ENTRY--FACETED TOPICAL TERMS
Focus term Office Furniture
942 ## - ADDED ENTRY ELEMENTS (KOHA)
Koha item type BOOK
Holdings
Withdrawn status Lost status Damaged status Not for loan Collection Home library Current library Shelving location Date acquired Cost, normal purchase price Total Checkouts Full call number Barcode Date last seen Cost, replacement price Price effective from Koha item type
        AFT Fr. Agnel's C.Rodrigues College of Engineering Fr. Agnel's C.Rodrigues College of Engineering   17/03/2023 100.00   749 AFT5209 17/03/2023 100.00 17/03/2023 BOOK